La formación ocupacional: para la inserción, la educación permanente y el desarrollo local

Uloženo v:
Podrobná bibliografie
Hlavní autor: Jover Torregrosa, Daniel (Autor)
Médium: Kniha
Jazyk:španělština
Vydáno: Madrid Popular 1999
Vydání:3a. ed
Edice:Educación y Empleo
Témata:
Tagy: Přidat tag
Žádné tagy, Buďte první, kdo vytvoří štítek k tomuto záznamu!

MARC

LEADER 00000nam a2200000 a 4500
001 UCH1924
003 CL-VaPUC
008 090520e19990000SP |||||||||||||||||spa|d
020 |a 8478842012 
082 0 4 |a 658.3124  |b JOV  |2 21 
100 |a Jover Torregrosa, Daniel  |e author  |9 536550 
245 1 3 |a La formación ocupacional: para la inserción, la educación permanente y el desarrollo local 
250 |a 3a. ed 
300 |a 247 p 
942 |c BK 
945 |d 20090520 00:00:00  |a rbrito 
260 |a Madrid  |b Popular  |c 1999 
650 0 |a Formación profesional   |9 257232 
650 0 |a Trabajo  |9 313876 
650 7 |a PERFECCIONAMIENTO OCUPACIONAL  |2 CL-VaPUC  |9 536545 
650 7 |a CAPACITACION LABORAL  |2 CL-VaPUC  |9 411356 
583 |a last modification  |c 20090520 00:00:00  |k Rodrigo Vera 
490 0 |a Educación y Empleo 
999 |c 333818  |d 333816 
952 |0 0  |1 0  |4 0  |6 658_312400000000000_JOV_1999  |7 0  |8 A  |9 422448  |a BIBEDU  |b BIBEDU  |d 2019-11-22  |i 4551958  |o 658.3124 JOV 1999  |p 4551958  |r 2019-11-22  |w 2019-11-22  |y BK  |k EPE